Z nových veršov

Bibliographic Details
Main Author: Matláková, Zlata, 1949- (Author)
Format: Article
Language:Slovak
PhysicalDescription:Fotogr.
ISSN:0862-5999
Subjects:

MARC

LEADER 00000nab a2200000 a 4500
001 vtls010195656
003 SK-MaSNL
005 20260303220410.0
008 140422c2010 xo ||||||||||||00 b|slo
015 |a SNBRB2010/12  |2 snkbucl 
038 |a SNKBUCL 
040 |a SNKBUCL  |b slo  |c SNKBUCL  |e AACR2 
041 0 |a slo 
044 |a xo  |c SK 
080 |a 821.162.4-1  |2 2001 
100 1 |a Matláková, Zlata,  |d 1949-  |4 aut  |9 111671 
245 1 0 |a Z nových veršov  |c Zlata Matláková 
300 |b Fotogr. 
500 |a Blok obsahuje 8 básní 
650 0 7 |a slovenská poézia  |2 snkbucl  |9 215422 
740 0 2 |a Už-už víchrica 
740 0 2 |a Večerne 
740 0 2 |a Strom na nocovanie 
740 0 2 |a Začiatky 
740 0 2 |a Atrakcia 
740 0 2 |a Dám sa zmiasť padajúcou hviezdou 
740 0 2 |a Lesné ticho 
740 0 2 |a Paravánové divadlo 
773 0 |t Literárny (dvoj)týždenník  |g Roč. XXIII, č. 33-34 (2010), s. 7  |x 0862-5999 
852 |a SNK  |b KIS3GCP 
958 |a LX 
958 |a SK 
999 |c 2227045  |d 2228975